Techniques of planing and upkeeped nursery young rubber in boeung ket rubber plantaion company,( បច្ចេកទេសដាំកៅស៊ូ និងការថែទាំ (Record no. 405)

000 -LEADER
fixed length control field 00559nam a22001577a 4500
003 - CONTROL NUMBER IDENTIFIER
control field OSt
005 - DATE AND TIME OF LATEST TRANSACTION
control field 20150914090951.0
008 - FIXED-LENGTH DATA ELEMENTS--GENERAL INFORMATION
fixed length control field 150914b xxu||||| |||| 00| 0 eng d
040 ## - CATALOGING SOURCE
Transcribing agency RUA
082 ## - DEWEY DECIMAL CLASSIFICATION NUMBER
Classification number AGR នាក់ 1996 BOO17 Or.1
100 ## - MAIN ENTRY--PERSONAL NAME
9 (RLIN) 426
Personal name នាក់ ថុន
245 ## - TITLE STATEMENT
Title Techniques of planing and upkeeped nursery young rubber in boeung ket rubber plantaion company,( បច្ចេកទេសដាំកៅស៊ូ និងការថែទាំ
260 ## - PUBLICATION, DISTRIBUTION, ETC. (IMPRINT)
Place of publication, distribution, etc. phnom phen
Name of publisher, distributor, etc. RUA
Date of publication, distribution, etc. 1996
300 ## - PHYSICAL DESCRIPTION
Extent 65P.
Other physical details ILL.
Dimensions 29CM.
942 ## - ADDED ENTRY ELEMENTS (KOHA)
Source of classification or shelving scheme
Koha item type AGR

No items available.

មជ្ឈមណ្ឌលឯការនៃសាកលវិទ្យាល័យភូមិន្ទកសិកម្មចំការដូង

Powered by Koha